Discounts and deadlines in consumer search (Record no. 517626)

000 -LEADER
fixed length control field 01224nam a22001577a 4500
008 - FIXED-LENGTH DATA ELEMENTS--GENERAL INFORMATION
fixed length control field 210722b ||||| |||| 00| 0 eng d
100 ## - MAIN ENTRY--PERSONAL NAME
Personal name Coey, Dominic Larsen, Bradley J. and Platt, Breannan C.
245 ## - TITLE STATEMENT
Title Discounts and deadlines in consumer search
260 ## - PUBLICATION, DISTRIBUTION, ETC. (IMPRINT)
Place of publication, distribution, etc The American Economic Review
300 ## - PHYSICAL DESCRIPTION
Extent 110(12), Dec, 2020: p.3748-3785
520 ## - SUMMARY, ETC.
Summary, etc We present a new equilibrium search model where consumers initially search among discount opportunities, but are willing to pay more as a deadline approaches, eventually turning to full-price sellers. The model predicts equilibrium price dispersion and rationalizes discount and full-price sellers coexisting without relying on ex ante heterogeneity. We apply the model to online retail sales via auctions and posted prices, where failed attempts to purchase reveal consumers' reservation prices. We find robust evidence supporting the theory. We quantify dynamic search frictions arising from deadlines and show how, with deadline-constrained buyers, seemingly neutral platform fee increases can cause large market shifts. – Reproduced
650 ## - SUBJECT ADDED ENTRY--TOPICAL TERM
Topical term or geographic name as entry element Consumption
9 (RLIN) 27561
773 ## - HOST ITEM ENTRY
Main entry heading The American Economic Review
906 ## - LOCAL DATA ELEMENT F, LDF (RLIN)
Subject DIP CONSUMERS
942 ## - ADDED ENTRY ELEMENTS (KOHA)
Item type Articles
Holdings
Withdrawn status Lost status Source of classification or shelving scheme Damaged status Not for loan Permanent location Current location Date acquired Serial Enumeration / chronology Barcode Date last seen Koha item type
          Indian Institute of Public Administration Indian Institute of Public Administration 2021-07-22 110(12), Dec, 2020: p.3748-3785 AR124902 2021-07-22 Articles

Powered by Koha